000
00291nam a2200145Ia 4500
100
_a
Thai Thau/ LAM
942
_c
BK
654
_a
.net
245
_a
.NET framework essentials
260
_b
Shroff Pub.
_c
2001
082
_a
4.65
_b
THA
300
_a
304
546
_a
ENGLISH
999
_c
32392
_d
32392